Holiday Quiz

Random Holiday or Carol Quiz
Score 0/30 Timer 02:30
0 Plays Today
Question Answer Wrong Answers
All I Want For _________ Is You 'Christmas'
82.9%
Not Christmas
1%
We Wish You a Merry _________ 'Christmas'
82.3%
Not Christmas
0.6%
All I Want for _________ Is My Two Front Teeth 'Christmas'
82.2%
Not Christmas
1.2%
White _________ 'Christmas'
81.9%
Not Christmas
0.7%
Do They Know It’s _________? 'Christmas'
81.3%
Not Christmas
1.9%
O _________ Tree 'Christmas'
81%
Not Christmas
1.6%
Last _________ 'Christmas'
81%
Not Christmas
2.7%
I'll Be Home For _________ 'Christmas'
81%
Not Christmas
1.7%
Rockin' Around the _________ Tree 'Christmas'
80.9%
Not Christmas
1.4%
The Twelve Days of _________ 'Christmas'
80.7%
Not Christmas
1%
It's Beginning to Look a Lot Like _________ 'Christmas'
80.5%
Not Christmas
1.6%
A Holly Jolly _________ 'Christmas'
80.5%
Not Christmas
2.1%
Driving Home for _________ 'Christmas'
80.2%
Not Christmas
2.5%
Good King _________ Not Christmas (Wenceslas)
79.9%
'Christmas'
2.9%
_________ Got Run Over By a Reindeer Not Christmas (Grandma)
79.8%
'Christmas'
3.1%
You're a Mean One, Mr. _________ Not Christmas (Grinch)
79.1%
'Christmas'
3.4%
Rudolph the _________ Reindeer Not Christmas (Red-Nosed)
78.9%
'Christmas'
3.6%
Silent _________ Not Christmas (Night)
78.8%
'Christmas'
4.7%
O _________ Night Not Christmas (Holy)
78.7%
'Christmas'
5.1%
O Little Town of _________ Not Christmas (Bethlehem)
78.7%
'Christmas'
4.4%
_________ To The World Not Christmas (Joy)
78.3%
'Christmas'
5.5%
The _________ Song (Chestnuts Roasting) 'Christmas'
78.2%
Not Christmas
5.1%
The Little _________ Boy Not Christmas (Drummer)
78.2%
'Christmas'
3.5%
Hark! The _________ Angels Sing Not Christmas (Herald)
77.9%
'Christmas'
4.7%
_________ in a Manger Not Christmas (Away)
77.6%
'Christmas'
5.6%
Santa Claus is Coming To _________ Not Christmas (Town)
77.1%
'Christmas'
5.6%
Silver _________ Not Christmas (Bells)
75.3%
'Christmas'
6.7%
What _________ Is This? Not Christmas (Child)
72.4%
'Christmas'
10.7%
God Rest Ye Merry _________ Not Christmas (Gentlemen)
72.1%
'Christmas'
10.1%
The Chipmunk Song ( _________ Don't Be Late) 'Christmas'
59.9%
Not Christmas
23.9%
Remove Ads.
Support Sporcle.
Get the best of Sporcle when you Go Orange. This ad-free experience offers more features, more stats, and more fun while also helping to support Sporcle. Thank you for becoming a member.

You're not logged in!

Compare scores with friends on all Sporcle quizzes.
OR
Log In

Show Comments

Extras

Top Quizzes Today


Score Distribution

Your Account Isn't Verified!

In order to create a playlist on Sporcle, you need to verify the email address you used during registration. Go to your Sporcle Settings to finish the process.

Report this User

Report this user for behavior that violates our Community Guidelines.

Details: